Ngữ pháp Việt Nam phần câu
Trình bày hệ thống ngữ pháp tiếng Việt (Phần câu) theo cách tiếp cận vừa kế thừa ngữ pháp truyền thống vừa tiếp nhận thành tựu của ngôn ngữ học hiện đại, bao gồm: Cú pháp và nghĩa biểu hiện của câu; câu phủ định và hành động phủ định, câu hỏi với tư cách lời trao đổi;... Giới thiệu những nội dung mớ...
Gardado en:
| Autor Principal: | |
|---|---|
| Formato: | Libro |
| Idioma: | Vietnamese |
| Publicado: |
H.
Đại hoc Sư phạm
2004
|
| Những chủ đề: | |
| Các nhãn: |
Engadir etiqueta
Sen Etiquetas, Sexa o primeiro en etiquetar este rexistro!
|
| Thư viện lưu trữ: | Mạng thư viện Đại học Đà Nẵng |
|---|
| LEADER | 01743nam a2200349 4500 | ||
|---|---|---|---|
| 001 | 000007670 | ||
| 003 | 3833 | ||
| 005 | 20120528160536.0 | ||
| 008 | 111011s2004 viesd | ||
| 020 | |c 45000đ | ||
| 041 | 0 | |a vie | |
| 082 | |a 495.9225 |b DI-B | ||
| 100 | 0 | |a Diệp Quang Ban |e Tác giả | |
| 245 | 0 | |a Ngữ pháp Việt Nam phần câu |c Diệp Quang Ban | |
| 260 | |a H. |b Đại hoc Sư phạm |c 2004 | ||
| 300 | |a 442 tr. |c 20cm | ||
| 520 | |a Trình bày hệ thống ngữ pháp tiếng Việt (Phần câu) theo cách tiếp cận vừa kế thừa ngữ pháp truyền thống vừa tiếp nhận thành tựu của ngôn ngữ học hiện đại, bao gồm: Cú pháp và nghĩa biểu hiện của câu; câu phủ định và hành động phủ định, câu hỏi với tư cách lời trao đổi;... Giới thiệu những nội dung mới trong công việc nghiên cứu tiếng Việt (phần câu) như: Phân biệt các siêu chức năng của câu; phân biệt các biểu hiện cấu trúc nghĩa biểu hiện khác nhau diễn đạt cùng một sự viêc,.. | ||
| 653 | |a Ngôn ngữ | ||
| 653 | |a Ngữ pháp Việt Nam | ||
| 653 | |a phần câu | ||
| 700 | |a Diệp Quang Ban |e Tác giả | ||
| 910 | |a Lê Thị Hoài Thanh |d 11/10/2011 | ||
| OWN | |a LSP | ||
| AVA | |a UDN50 |b LSP |d 495.9225 DI-B |e check_holdings |t Error 5003 Not defined in file expand_doc_bib_avail. |h N |k 1 | ||
| 999 | |a From the UDN01 | ||
| AVA | |a UDN50 |b LSP |d 495.9225 DI-B |e available |t Error 5001 Not defined in file expand_doc_bib_avail. |f 54 |g 1 |h N |i 18 |k 1 | ||
| TYP | |a Monograph | ||
| TYP | |a Printed language | ||
| 980 | |a Mạng thư viện Đại học Đà Nẵng | ||